भारतीय राजनीतिक संस्थाओं में जनप्रतिनिधि महिलाओं की सक्रियता के सन्दर्भ में उनकी शैक्षिक पृष्ठभूमि के प्रभाव का अध्ययन (Record no. 887896)

MARC details
000 -LEADER
fixed length control field 01478nam a2200253Ia 4500
003 - CONTROL NUMBER IDENTIFIER
control field OSt
005 - DATE AND TIME OF LATEST TRANSACTION
control field 20220930094910.0
008 - FIXED-LENGTH DATA ELEMENTS--GENERAL INFORMATION
fixed length control field 220926b |||||||| |||| 00| 0 hin d
037 ## - SOURCE OF ACQUISITION
Terms of availability Theses
040 ## - CATALOGING SOURCE
Original cataloging agency CRL
Transcribing agency CRL
Language of cataloging hin
041 ## - LANGUAGE CODE
Source of code hin
Language code of text/sound track or separate title hin
100 ## - MAIN ENTRY--PERSONAL NAME
Personal name सावित्री, ले.
110 ## - MAIN ENTRY--CORPORATE NAME
Corporate name or jurisdiction name as entry element दिल्ली विश्वविद्यालय. शिक्षा संकाय. शिक्षा
9 (RLIN) 556652
245 #0 - TITLE STATEMENT
Title भारतीय राजनीतिक संस्थाओं में जनप्रतिनिधि महिलाओं की सक्रियता के सन्दर्भ में उनकी शैक्षिक पृष्ठभूमि के प्रभाव का अध्ययन
Remainder of title पंचायती राज संस्थाओं के विशेष सन्दर्भ में
246 ## - VARYING FORM OF TITLE
Title proper/short title Bhāratīya rājanītik sansthāoan mean janapratinidhi mahilāoan kī sakriyatā ke sandarbha mean unakī shaikṣhik pṛuṣhṭhabhūmi ke prabhāv kā adhyayana: panchāyatī rāj sansthāoan ke visheṣh sandarbha mean
260 ## - PUBLICATION, DISTRIBUTION, ETC.
Date of publication, distribution, etc. 2014
300 ## - PHYSICAL DESCRIPTION
Extent 327
-- 19पृ.
Extent p.
Dimensions cm.
700 ## - ADDED ENTRY--PERSONAL NAME
Personal name दिल्ली विश्वविद्यालय. शिक्षा संकाय. शिक्षा
9 (RLIN) 556653
942 ## - ADDED ENTRY ELEMENTS (KOHA)
Koha item type Dissertations
Source of classification or shelving scheme Colon Classification (CC)
Holdings
Withdrawn status Lost status Damaged status Not for loan Home library Current library Date acquired Total Checkouts Barcode Date last seen Price effective from Koha item type
        Central Library Central Library 2022-09-30   TH0022181 2022-09-30 2022-09-30 Thesis
Copyright @ Delhi University Library System